|
|
|
|
| LEADER |
00670nab a2200205 i 4500 |
| 001 |
publ26546 |
| 005 |
20230221081709.0 |
| 008 |
230221s2021 hu o 0|| Magyar d |
| 022 |
|
|
|a 1219-8641
|
| 024 |
7 |
|
|a 32075166
|2 mtmt
|
| 040 |
|
|
|a SZTE Publicatio Repozitórium
|b hun
|
| 041 |
|
|
|a Magyar
|
| 100 |
1 |
|
|a Fehér Ádám Miklós
|
| 245 |
1 |
0 |
|a Nyári urológiai fertőzések
|h [elektronikus dokumentum] /
|c Fehér Ádám Miklós
|
| 260 |
|
|
|c 2021
|
| 300 |
|
|
|a 336-339
|
| 490 |
0 |
|
|a HÁZIORVOS TOVÁBBKÉPZŐ SZEMLE
|v 26 No. 5
|
| 650 |
|
4 |
|a Klinikai orvostan
|
| 700 |
0 |
1 |
|a Bajory Zoltán
|e aut
|
| 856 |
4 |
0 |
|u http://publicatio.bibl.u-szeged.hu/26546/1/32075166.pdf
|z Dokumentum-elérés
|